Maize dwarf mosaic virus : effect of strain A on corn inbreds, single- and double-cross hybrids /

Bibliographic Details
Main Author: Toler, R. W. (Robert William), 1928-
Corporate Author: Texas Agricultural Experiment Station
Other Authors: Bockholt, A. J., Alston, Freddy Gene
Format: Government Document Book
Language:English
Published: College Station, Tex. : Texas Agricultural Experiment Station, [1982]
Series:B ; -1423
Subjects:

MARC

Tag First Indicator Second Indicator Subfields
LEADER 00000cam a2200000 a 4500
001 in00001064458
005 20150929092534.0
008 830120s1982 txua b s00010 eng d
035 |a (OCoLC)09146743 
035 |9 AFM4874AM 
040 |a IKM  |c IKM  |d UtOrBLW 
049 |a IKMd 
086 |a Z TA245.7 B873 no.1423  |2 txdocs 
099 |a Z  |a TA245.7  |a B873  |a no.1423 
100 1 |a Toler, R. W.  |q (Robert William),  |d 1928- 
245 1 0 |a Maize dwarf mosaic virus :  |b effect of strain A on corn inbreds, single- and double-cross hybrids /  |c R.W. Toler, A.J. Bockholt and F.G. Alston. 
264 1 |a College Station, Tex. :  |b Texas Agricultural Experiment Station,  |c [1982] 
300 |a 26 pages ;  |c 28 cm. 
336 |a text  |b txt  |2 rdacontent 
337 |a unmediated  |b n  |2 rdamedia 
338 |a volume  |b nc  |2 rdacarrier 
490 0 |a B ;  |v -1423 
500 |a Tx Doc number: Z, TA245.7, B873, number 1423. 
500 |a "November 1982." 
650 0 |a Corn  |x Diseases and injuries. 
650 0 |a Corn mosaic virus. 
700 1 |a Bockholt, A. J. 
700 1 |a Alston, Freddy Gene. 
710 2 |a Texas Agricultural Experiment Station. 
999 |a MARS 
999 f f |s 9fdc2395-8670-3a3b-b0ce-97a13694c30e  |i b554bbb6-517f-37f5-9469-6b279e53ad41  |t 0 
952 f f |p normal  |a Texas A&M University  |b College Station  |c Sterling C. Evans Library  |d Evans: Texas Documents (Annex 5th floor)  |t 0  |e Z TA245.7 B873 no.1423  |h Superintendent of Documents classification  |i unmediated -- volume  |m A14838295466 
952 f f |p normal  |a Texas A&M University  |b College Station  |c Sterling C. Evans Library  |d Evans: Texas Documents (Annex 5th floor)  |t 0  |e Z TA245.7 B873 no.1331-1450  |h Superintendent of Documents classification  |i unmediated -- volume  |k no.1331-1450  |l ?-1983:Aug.  |m A14830566059 
952 f f |a Texas A&M University  |b College Station  |c Sterling C. Evans Library  |d Evans: Texas Documents (Annex 5th floor)  |t 0  |e Z TA245.7 B873 no.1331-1450  |h Superintendent of Documents classification 
998 f f |a Z TA245.7 B873 no.1423  |t 0  |l Evans: Texas Documents (Annex 5th floor) 
998 f f |a Z TA245.7 B873 no.1331-1450  |s 1331,1337,1356-1358,1361-1363,1371-1372,1378,1382,1385,1393,1398,1408,1420,1422-1423,1426-1428,1434,1447,1450  |t 0  |l Evans: Texas Documents (Annex 5th floor)